Pokémon that END with E - Statistics

General Stats
  • This quiz has been taken 1,475 times
    851 since last reset
  • The average score is 91 of 153
Answer Stats
Hint Answer % Correct
Kanto Eevee
91%
Kanto Caterpie
87%
Kanto Butterfree
86%
Kanto Squirtle
86%
Kanto Weedle
85%
Kanto Blastoise
84%
Kanto Wartortle
81%
Kanto Dragonite
80%
Kanto Arcanine
77%
Hoenn Sceptile
77%
Johto Totodile
77%
Hoenn Grovyle
75%
Kanto Vileplume
74%
Kalos Dedenne
73%
Kanto Electrode
73%
Kanto Geodude
73%
Kanto Growlithe
73%
Hoenn Electrike
72%
Sinnoh Gallade
72%
Kanto Slowpoke
71%
Sinnoh Electivire
70%
Kanto Exeggcute
70%
Kanto Machoke
70%
Unova Scolipede
70%
Johto Suicune
70%
Sinnoh Gible
69%
Sinnoh Grotle
69%
Hoenn Linoone
69%
Kanto Primeape
69%
Unova Venipede
69%
Unova Whirlipede
69%
Hoenn Salamence
68%
Unova Servine
68%
Sinnoh Combee
67%
Kanto Drowzee
67%
Kalos Froakie
67%
Sinnoh Gabite
67%
Kanto Hitmonlee
67%
Hoenn Kyogre
67%
Kanto Omanyte
67%
Unova Pignite
67%
Hoenn Plusle
67%
Kanto Clefable
66%
Galar Sobble
66%
Kanto Cubone
65%
Kanto Raticate
65%
Alola Decidueye
64%
Johto Dunsparce
64%
Kanto Starmie
64%
Hoenn Wurmple
64%
Unova Boldore
63%
Galar Drizzile
63%
Kalos Flabébé
63%
Kalos Floette
63%
Kanto Magnemite
63%
Kanto Mr. Mime
63%
Sinnoh Mamoswine
62%
Hoenn Regice
62%
Sinnoh Weavile
62%
Hoenn Banette
61%
Johto Mantine
61%
Unova Pansage
61%
Hoenn Sableye
61%
Unova Sandile
61%
Alola Steenee
61%
Kalos Zygarde
61%
Alola Brionne
60%
Sinnoh Infernape
60%
Hoenn Lombre
60%
Johto Piloswine
60%
Unova Sewaddle
60%
Unova Simisage
60%
Sinnoh Uxie
60%
Unova Chandelure
59%
Unova Gothitelle
59%
Sinnoh Magnezone
59%
Hoenn Mawile
59%
Paldea Skeledirge
59%
Hoenn Zangoose
59%
Paldea Dudunsparce
58%
Unova Pidove
58%
Johto Smeargle
58%
Paldea Annihilape
57%
Hoenn Glalie
57%
Sinnoh Kricketune
57%
Sinnoh Mantyke
57%
Hoenn Meditite
57%
Alola Ribombee
57%
Johto Tyrogue
57%
Unova Vanillite
57%
Hoenn Cacturne
56%
Galar Cinderace
56%
Hoenn Illumise
56%
Sinnoh Phione
56%
Alola Poipole
56%
Unova Tympole
56%
Kalos Dragalge
55%
Kalos Aromatisse
54%
Unova Blitzle
54%
Paldea Ceruledge
54%
Paldea Flittle
54%
Kalos Helioptile
54%
Galar Indeedee
54%
Unova Krookodile
54%
Unova Vanilluxe
54%
Kalos Barbaracle
53%
Kalos Bergmite
53%
Kalos Binacle
53%
Galar Corvisquire
53%
Kalos Diancie
53%
Hoenn Lunatone
53%
Galar Mr. Rime
53%
Johto Quagsire
53%
Kalos Spritzee
53%
Sinnoh Carnivine
52%
Unova Fraxure
52%
Paldea Armarouge
51%
Galar Hatterene
51%
Kalos Honedge
51%
Paldea Iron Bundle
51%
Sinnoh Roserade
51%
Kalos Talonflame
51%
Alola Tapu Lele
51%
Galar Alcremie
50%
Alola Buzzwole
50%
Kalos Doublade
50%
Galar Rookidee
50%
Alola Salazzle
50%
Galar Sizzlipede
50%
Galar Flapple
49%
Alola Mareanie
49%
Unova Cottonee
48%
Alola Dhelmise
48%
Galar Zarude
48%
Paldea Cetoddle
47%
Paldea Clodsire
47%
Unova Crustle
47%
Alola Mudsdale
47%
Galar Orbeetle
47%
Johto Shuckle
47%
Unova Dwebble
46%
Galar Chewtle
45%
Galar Eiscue
45%
Paldea Nymble
45%
Paldea Walking Wake
45%
Alola Xurkitree
45%
Paldea Flutter Mane
44%
Alola Crabominable
42%
Paldea Hydrapple
42%
Paldea Oinkologne
42%
Paldea Shroodle
39%
Paldea Houndstone
37%
Paldea Gouging Fire
32%
No matching quizzes found
Score Distribution
Percent of People with Each Score
Percentile by Number Answered
Your Score History
You have not taken this quiz since the last reset